The women's room (Record no. 590687)

000 -LEADER
fixed length control field 01238cam a2200325 a 4500
001 - CONTROL NUMBER
control field 15742727
003 - CONTROL NUMBER IDENTIFIER
control field NUST
005 - DATE AND TIME OF LATEST TRANSACTION
control field 20220726201403.0
008 - FIXED-LENGTH DATA ELEMENTS--GENERAL INFORMATION
fixed length control field 090518s2009 nyu 000 1 eng
010 ## - LIBRARY OF CONGRESS CONTROL NUMBER
LC control number 2009019398
020 ## - INTERNATIONAL STANDARD BOOK NUMBER
International Standard Book Number 9780143114505
020 ## - INTERNATIONAL STANDARD BOOK NUMBER
International Standard Book Number 0143114506
035 ## - SYSTEM CONTROL NUMBER
System control number (OCoLC)ocn223803548
038 ## - RECORD CONTENT LICENSOR
Staff Name Azhar
040 ## - CATALOGING SOURCE
Original cataloging agency DLC
Transcribing agency DLC
Modifying agency YDX
-- BTCTA
-- BAKER
-- YDXCP
-- BWX
-- NOR
-- DLC
043 ## - GEOGRAPHIC AREA CODE
Geographic area code n-us---
050 00 - LIBRARY OF CONGRESS CALL NUMBER
Classification number PS3556.R42
Item number W66 2009
082 00 - DEWEY DECIMAL CLASSIFICATION NUMBER
Classification number 813.54
Edition number 22
Author Mark FRE
100 1# - MAIN ENTRY--PERSONAL NAME
Personal name French, Marilyn,
Dates associated with a name 1929-2009.
9 (RLIN) 95422
245 14 - TITLE STATEMENT
Title The women's room
Statement of responsibility, etc. Marilyn French ; with forewords by Dorothy Allison and Linsey Abrams.
260 ## - PUBLICATION, DISTRIBUTION, ETC.
Place of publication, distribution, etc. New York :
Name of publisher, distributor, etc. Penguin Books,
Date of publication, distribution, etc. 2009.
300 ## - PHYSICAL DESCRIPTION
Extent xxviii, 465 p. ;
Dimensions 22 cm.
650 #0 - SUBJECT ADDED ENTRY--TOPICAL TERM
Topical term or geographic name entry element Middle-aged women
Form subdivision Fiction.
9 (RLIN) 90280
650 #0 - SUBJECT ADDED ENTRY--TOPICAL TERM
Topical term or geographic name entry element Feminists
Form subdivision Fiction.
9 (RLIN) 95423
856 42 - ELECTRONIC LOCATION AND ACCESS
Materials specified Contributor biographical information
Uniform Resource Identifier <a href="http://www.loc.gov/catdir/enhancements/fy1001/2009019398-b.html">http://www.loc.gov/catdir/enhancements/fy1001/2009019398-b.html</a>
856 42 - ELECTRONIC LOCATION AND ACCESS
Materials specified Publisher description
Uniform Resource Identifier <a href="http://www.loc.gov/catdir/enhancements/fy1001/2009019398-d.html">http://www.loc.gov/catdir/enhancements/fy1001/2009019398-d.html</a>
906 ## - LOCAL DATA ELEMENT F, LDF (RLIN)
a 7
b cbc
c orignew
d 1
e ecip
f 20
g y-gencatlg
942 ## - ADDED ENTRY ELEMENTS (KOHA)
Source of classification or shelving scheme
Koha item type Lincoln Corner
Holdings
Withdrawn status Lost status Source of classification or shelving scheme Damaged status Not for loan Permanent Location Current Location Shelving location Date acquired Full call number Barcode Date last seen Price effective from Koha item type
          Central Library (CL) Central Library (CL) Lincoln Corner 07/26/2022 813.54 FRE LC-244 07/26/2022 07/26/2022 Reference
© 2023 Central Library, National University of Sciences and Technology. All Rights Reserved.